| 000 | 00521nam a22001697a 4500 | ||
|---|---|---|---|
| 999 |
_c65133 _d65133 |
||
| 005 | 20240530110809.0 | ||
| 008 | 190318s1980 le g 000 0 ara d | ||
| 040 |
_aEG-CaGPL _cEG-CaGPL |
||
| 082 | 0 | 4 |
_221 _a189/ _bب ف |
| 100 | 0 | _aبسام مرتضى | |
| 245 | 1 | 0 |
_aفلسفات اسلامية / _cبسام مرتضى |
| 260 |
_aبيروت : _bدار الكتاب الاسلامى، _c1980. |
||
| 300 |
_a71 ص. ؛ _c19سم. |
||
| 650 | 0 | 7 |
_2qrmak _aالفلسفة الاسلامية |
| 651 | _2qrmak | ||
| 942 |
_2ddc _cBK |
||